HUMAN ANATOMY AND PHYSIOLOGY I ( DR MAHESH PRASDAD ) (Record no. 278101)

MARC details
000 -LEADER
fixed length control field 00318pam a2200121a 44500
008 - FIXED-LENGTH DATA ELEMENTS--GENERAL INFORMATION
fixed length control field 230405s2022 xxu||||| |||| 00| 0 eng d
041 ## - LANGUAGE CODE
Language code of text/sound track or separate title ENG
100 ## - MAIN ENTRY--PERSONAL NAME
Personal name DR MAHESH PRASAD
245 ## - TITLE STATEMENT
Title HUMAN ANATOMY AND PHYSIOLOGY I ( DR MAHESH PRASDAD )
260 ## - PUBLICATION, DISTRIBUTION, ETC.
Place of publication, distribution, etc. PUNE
Name of publisher, distributor, etc. NIRALI PRAKESHN
Date of publication, distribution, etc. 2022
300 ## - PHYSICAL DESCRIPTION
Extent 5.22
906 ## - LOCAL DATA ELEMENT F, LDF (RLIN)
a 2830

No items available.